000 00565nam a2200145Ia 4500
008 151213s9999 xx 000 0 und d
100 _aড. আবুল আজাদ।
245 _aনজরুল ইসলাম ও শওকত ওসমান : সমকাল - সংস্কৃতি
_cড. আবুল আজাদ।
260 _aঢাকা
_bরাইটার্স ফাউগেশন।
_c2000
300 _a8751 p.
650 _aBangla
650 _aসংস্কৃতি।
700 _aড. আবুল আজাদ।
999 _c4536
_d4536